000 00884nam a22002297a 4500
999 _c7749
_d7749
003 AR-CdUCM
008 190321b ||||| |||| 00| 0 spa d
020 _a84-283-0633-8
040 _aMUNICIPALIDAD PROVINCIAL DEL CUSCO
_cBIBLIOTECA MUNICIPAL DEL CUSCO
082 _a677.028 /
_bM26
100 _aMartínez, A. Martín
_921897
245 _aTecnología textil /
260 _aMadrid :
_bParaninfo,
_c1976.
300 _a189 páginas ;
_bfiguras,
_c23 cm.
500 _aTextos ajustados a los cuestionarios oficiales, formación profesional 1° grado.
505 _aContenido: La empresa textil -- Fibras textiles -- Fibras textiles animales -- Fibras artificiales y sintéticas -- Numeración textil ...
650 _aTecnología textil
_920957
650 _aIndustrias y artículos textiles
_921898
650 _aFibras textiles
_96101
942 _2ddc
_cLIBROS
945 _aachl